Jak svět doopravdy funguje /
Úvahy autora o společnosti a globálním světě.
Uloženo v:
| Hlavní autor: | |
|---|---|
| Další autoři: | |
| Médium: | E-kniha |
| Jazyk: | Czech |
| Vydáno: |
Praha :
Kniha Zlin,
2023
|
| Vydání: | Vydání první |
| Edice: | Tema (Kniha Zlin)
|
| Témata: | |
| Tagy: |
Žádné tagy |
| LEADER | 03310nam a2200733 i 4500 | ||
|---|---|---|---|
| 001 | 311852 | ||
| 003 | CZ PrSKC | ||
| 005 | 20260601215712.0 | ||
| 007 | ta | ||
| 008 | 230310s2023 xr e f 001 0 cze | ||
| 015 | |a cnb003505477 | ||
| 020 | |a 9788076624597 |q (vázáno) : |c Kč 499,00 | ||
| 035 | |a (OCoLC)1378695589 | ||
| 040 | |a BOA001 |b cze |e rda | ||
| 041 | 1 | |a cze |h eng | |
| 072 | 7 | |a 316.4 |x Sociální procesy |2 Konspekt | |
| 080 | |a 316.42"15/19" |2 MRF | ||
| 080 | |a 001:316.3 |2 MRF | ||
| 080 | |a 620.9 |2 MRF | ||
| 080 | |a 663/664 |2 MRF | ||
| 080 | |a 662.62/.8 |2 MRF | ||
| 080 | |a 338.45 |2 MRF | ||
| 080 | |a 316.422 |2 MRF | ||
| 080 | |a 502.1 |2 MRF | ||
| 080 | |a (0.062) |2 MRF | ||
| 100 | 1 | |a Smil, Vaclav, |d 1943- |7 xx0029345 |4 aut | |
| 240 | 1 | 0 | |a How the world really works. |l Česky |
| 245 | 1 | 0 | |a Jak svět doopravdy funguje / |c Vaclav Smil ; přeložil Ivo Magera |
| 250 | |a Vydání první | ||
| 264 | 1 | |a Praha : |b Kniha Zlin, |c 2023 | |
| 300 | |a 398 stran ; |c 20 cm | ||
| 336 | |a text |b txt |2 rdacontent | ||
| 337 | |a bez média |b n |2 rdamedia | ||
| 338 | |a svazek |b nc |2 rdacarrier | ||
| 490 | 1 | |a Tema ; |v 42 | |
| 500 | |a Přeloženo z angličtiny | ||
| 504 | |a Obsahuje bibliografické odkazy a rejstřík | ||
| 520 | 2 | |a Úvahy autora o společnosti a globálním světě. |b Lidstvo ještě nikdy ve své historii nemělo tolik informací, přesto si jen málokdo uvědomuje, jak svět ve skutečnosti funguje. Oceňovaný vědec českého původu Vaclav Smil popisuje a objasňuje složité procesy s neuvěřitelnou lehkostí. Zabývá se sedmi základními principy moderní společnosti, počínaje energiemi přes globalizaci až po výzvy čekající v budoucnosti. Abychom mohli začít řešit problémy, musíme nejdříve pochopit základní fakta. S touto fascinující publikací to bude mnohem snazší. Nakladatelská anotace. | |
| 650 | 0 | 7 | |a moderní společnost |7 ph122942 |2 czenas |
| 650 | 0 | 7 | |a věda a společnost |7 ph196656 |2 czenas |
| 650 | 0 | 7 | |a energie |7 ph114472 |2 czenas |
| 650 | 0 | 7 | |a výroba potravin |7 ph301374 |2 czenas |
| 650 | 0 | 7 | |a paliva |7 ph115654 |2 czenas |
| 650 | 0 | 7 | |a průmyslová výroba |7 ph115928 |2 czenas |
| 650 | 0 | 7 | |a globalizace |7 ph120568 |2 czenas |
| 650 | 0 | 7 | |a člověk a životní prostředí |7 ph135365 |2 czenas |
| 650 | 0 | 9 | |a modern society |2 eczenas |
| 650 | 0 | 9 | |a science and society |2 eczenas |
| 650 | 0 | 9 | |a energy |2 eczenas |
| 650 | 0 | 9 | |a food production |2 eczenas |
| 650 | 0 | 9 | |a fuels |2 eczenas |
| 650 | 0 | 9 | |a industrial production |2 eczenas |
| 650 | 0 | 9 | |a globalization |2 eczenas |
| 650 | 0 | 9 | |a man and environment |2 eczenas |
| 655 | 7 | |a populárně-naučné publikace |7 fd131864 |2 czenas | |
| 655 | 9 | |a popular works |2 eczenas | |
| 700 | 1 | |a Magera, Ivo, |d 1968- |7 jn20010309436 |4 trl | |
| 830 | 0 | |a Tema (Kniha Zlin) | |
| 900 | |a ABA001 |b 20 | ||
| 928 | 9 | |a Albatros Media - Kniha Zlin | |
| 044 | |a xr | ||
| 910 | |a RBIT002 | ||
| 998 | |d 368226 |a https://core.palmknihy.cz/api/books/368226/cover?si7llu |b https://core.palmknihy.cz/api/books/368226/cover/400?si7llu |c https://core.palmknihy.cz/api/books/368226/cover/50?si7llu |e 2031-01-07 |g 400 |i 9788076624597 |j https://core.palmknihy.cz/api/books/368226/preview.epub |k https://core.palmknihy.cz/api/books/368226/preview.pdf |l |q 49 |r 1 |s https://www.palmknihy.cz/kniha/368226 |t ebook |y 2023 |z 0 | ||
| 999 | |d 311850 | ||